000 01053nam a2200265 i 4500
001 67235
003 ES-MaACL
005 20230906170019.0
007 t|
008 040513s2001 sp ||||1| spa d
020 _a84-7491-612-7
080 _a1 Cousin, Victor
100 1 _aSchelling, Friedrich Wilhelm Joseph.
_9104293
245 1 0 _aPrólogo a un escrito filosófico del señor Victor Cousin (1834) /
_cF.W.J. Schelling ; introducción: Carlos Fernández Liria ; traducción: Cora Rodríguez Sáenz de la Calzada ; revisada por: Mª José Callejo Hernanz.
260 _aMadrid :
_bFacultad de Filosofía de la Universidad Complutense,
_c[2001]
300 _a36 p. ;
_c21 cm.
490 1 _aExcerpta philosophica ;
_v30
600 0 4 _aCousin, Victor.
_941306
700 1 _aFernández Liria, Carlos.
_949874
700 1 _aRodríguez Sáenz de la Calzada, Cora.
_998786
700 1 _aCallejo Hernanz, María José.
_933739
830 0 _aExcerpta philosophica ;
_v30
_9183155
852 _aES-MaACL
_j2178-F-21
_bR.131981
999 _c67235
_d67235